| 000 | 01373nam0a22003131 4500 | ||
|---|---|---|---|
| 001 | v19\rc\1881078 | ||
| 005 | 20260406105020.0 | ||
| 035 | _a(NLR Aleph) 005260327 | ||
| 090 |
_a5895133 _c5895133 |
||
| 100 | _a20080221d1910 |||y0rusy50 ca | ||
| 101 | 1 |
_arus _ceng |
|
| 102 | _aRU | ||
| 105 | _aa j ||||| | ||
| 200 | 1 |
_aЛекции по элементарной биологии _fТ. Паркер _gПер. со 2 англ. изд. с изм. и доп. В.Н. Львова, прив.-доц. Моск. ун-та |
|
| 205 | _a3-е изд., перераб и доп. Н.К. Кольцовым | ||
| 210 |
_aМосква _cМ. и С. Сабашниковы _d1910 |
||
| 215 |
_aXII, 432 с., 129 ил. _d21 |
||
| 225 | 1 | _aСерия учебников по биологии | |
| 700 | 1 |
_aПаркер _bТ.Д. _gТомас Джеффри |
|
| 702 | 1 |
_4730 _8rus _7ca _aЛьвов _bВ. Н. _cзоолог _f1859-1907 _gВасилий Николаевич _3RU\NLR\AUTH\7799233 _982159 |
|
| 702 | 1 |
_4570 _7ca _8rus _aКольцов _bН. К. _f1872-1940 _gНиколай Константинович _9266954 _3RU\NLR\AUTH\770267010 |
|
| 801 | 0 |
_aRU _bNLR _c20080221 _gpsbo |
|
| 801 | 0 |
_aRU _bRuMoRGB _c20080221 _2psbo |
|
| 801 | 1 |
_aRU _bProSoft-M _c20080221 _2rusmarc |
|
| 801 | 2 |
_aRU _bNLR _c20110507 _2rusmarc |
|
| 852 |
_aNLR _j38.78.5.172 |
||
| 942 | _cBOOK | ||
| 980 | _aNB | ||